The history of the decline and fall of the roman empire / by Edward Gibbon, esq. With notes, by the Rev. H. H. Milman, prebendary of St. Peter's, and dector of St. Margaret's westminister

Detalles Bibliográficos
Autor principal: Gibbon, Edward, 1737-1794
Otros Autores: Milman, Henry Hart, 1791-1868, com
Formato: Libro
Lenguaje:English
Publicado: Boston : published by Crosby and Nichols, 1862.
Edición:A new edition, to which is added a complete index of the whole work. In six volumes
Materias:
Colección:Banco de datos
Acervo:Universidad Autónoma Benito Juárez de Oaxaca. Biblioteca Francisco de Burgoa. Colección histórica
Descripción Física:6 t. ; 19 cm.
Tema general:Historia civil
Notas:Portada tipográfica. Texto a renglón seguido con paginación en números arábigos y romanos, notas a pie de página, cornisas y signaturas. Cada tomo con portada y numeración propias. Año de los t. 3-6 publicados en 1862. Paginación: t. 3 XV, 643 p.; t. 4 XV, 636 p.; t. 5 XIV, 604 p.; t. 6 XVI, 623 p. Encuadernación en keratol (23876-23878, 24109). Sello en tinta de los libros cedidos por Matias Romero al Instituto de Ciencias y Artes de Oaxaca (23876-23878, 24109). Daños en la encuadernación, falta lomo (23876, 23878)
LEADER 01623nam a22002170004500
035 |a 4935 
041 0 |a eng 
100 1 |a Gibbon, Edward, 1737-1794 
245 1 0 |a The history of the decline and fall of the roman empire / by Edward Gibbon, esq. With notes, by the Rev. H. H. Milman, prebendary of St. Peter's, and dector of St. Margaret's westminister  
250 |a A new edition, to which is added a complete index of the whole work. In six volumes 
260 |a Boston : published by Crosby and Nichols, 1862. 
300 |a 6 t. ; 19 cm.  
500 |a Portada tipográfica. Texto a renglón seguido con paginación en números arábigos y romanos, notas a pie de página, cornisas y signaturas. Cada tomo con portada y numeración propias. Año de los t. 3-6 publicados en 1862. Paginación: t. 3 XV, 643 p.; t. 4 XV, 636 p.; t. 5 XIV, 604 p.; t. 6 XVI, 623 p. Encuadernación en keratol (23876-23878, 24109). Sello en tinta de los libros cedidos por Matias Romero al Instituto de Ciencias y Artes de Oaxaca (23876-23878, 24109). Daños en la encuadernación, falta lomo (23876, 23878)  
504 |a Al principio de cada tomo está el índice de contenido 
504 |a Al final del t. 6 está el índice general 
650 1 0 |a Historia civil 
700 1 |a Milman, Henry Hart, 1791-1868, com. 
852 |a Universidad Autónoma "Benito Juárez" de Oaxaca, Biblioteca Francisco de Burgoa, Colección histórica t. 3 (23876); t. 4 (23877); t. 5 (23878); t. 6 (24109) 
942 |c BURHIS 
943 |g Universidad Autónoma Benito Juárez de Oaxaca. Biblioteca Francisco de Burgoa. Colección histórica 
999 |c 1123778  |d 1123778